000 00800nam a22002657a 4500
005 20230512223315.0
008 190627t xxu||||| |||| 00| 0 eng d
020 _a9781635496239
040 _cCSPC
082 0 _a647.94
_bF928
245 0 0 _aFront desk management
260 _aNew York :
_bLarsen & Keller Education
_c2017.
300 _aVI, 230 pages :
_bcolored images ;
_c26 cm.
336 _2rdacontent
_atext
337 _2rdamedia
_aunmediated
338 _2rdacarrier
_avolume
500 _aIncludes bibliographical references and index.
650 1 0 _aHotel front desk personnel.
650 1 0 _aHotel management.
700 1 _aLaura Hart
_eeditor
940 _a123
942 _cBOOK
_jCIR 647.94 F928 2017
999 _c9617
_d9617